Nguyên liệu cho công nghiệp chế biến ở thành phố Hồ Chí Minh

Gespeichert in:
Bibliographische Detailangaben
1. Verfasser: Trương Thị Minh Sâm
Format: Buch
Sprache:Vietnamese
Veröffentlicht: Khoa học xã hội 2002
Tags: Tag hinzufügen
Keine Tags, Fügen Sie den ersten Tag hinzu!
Thư viện lưu trữ: Mạng thư viện Đại học Đà Nẵng
LEADER 00690nam a2200253 4500
001 000020436
003 16882
005 20150318100346.0
008 150318s2002 viesd
020 |c 21000 
041 0 |a vie 
082 1 4 |a 338.19  |b TR-S 
100 1 |a Trương Thị Minh Sâm 
245 1 0 |a Nguyên liệu cho công nghiệp chế biến ở thành phố Hồ Chí Minh  |c Trương Thị Minh Sâm, 
260 |b Khoa học xã hội  |c 2002 
300 |a tr.  |c cm. 
OWN |a LSP 
999 |a From the UDN01 
TYP |a Monograph 
TYP |a Printed language 
980 |a Mạng thư viện Đại học Đà Nẵng